01006nam a22002417a 450000500170000001000260001702000270004303500140007003500140008403700130009808200160011110000280012724500730015526000470022827000500027530000210032570000270034671000790037394200270045299900190047995201340049895201320063220240327144746.0 aENG-139748 ENG-139962 a9788181715708c3515.00 aEN-123280 aEN-123494 bDBAD/PUB a574.954321 a Chandra kailash964006 aCurrent status of faunal diversity in telangana/cBy Kailash chandra aKolkata bZoological survey of Indiac2021 bKolkataaM-Block,New alipore, Kolkatae700025 a379p.c24cm(pbk) aKailash chandra963493 aDeepa Jaiswal , C.Raghunathan, S.S.Jadhav & M.KaruthapandieAuthors963494 2ddccENmKaih574.9543 c201558d201558 001040718REFaBL1bBL1d2024-03-18eDBADg3515.00l0oKAI 574.9543pEN-123280r2024-03-18 00:00:00t1v3515.00w2024-03-18yEN 001040718REFaAVbAVd2024-03-27eDBADg3515.00l0o574.9543 CHApEN-123494r2024-03-27 00:00:00t1v3515.00w2024-03-27yEN